Statistiques concernant Mot mystérieux - Série 24

Cliquez ici pour prendre le quiz!

Statistiques générales

  • Ce quiz a été pris 70 fois
  • Le résultat moyen est 8 sur 10

Statistiques - réponses

IndicesMot% Correct
Noël - Lachaise - Famille - AdoptifPère
98%
Vente - Coûtant - Or - GoncourtPrix
98%
Roue - Appel - Issue - TrousseSecours
95%
Abondance - Brume - Afrique - RhinocérosCorne
93%
Enfants - Abri - Eden - SecretJardin
82%
Chauve - Trou - Tapis - OreilleSouris
82%
Maison - Reine- Foyer - MaquerelleMère
75%
Pince - Corps - Lave - BeauLinge
58%
Loi - Or - Mur - MortSilence
47%
Esprit - Querelle - Eglise - CourseClocher
30%

Distribution des résultats

Percentile par nombre de réponses

% des personnes avec chaque résultat

Votre développement - résultats

Vous n’avez pas pris ce quiz